000 00329nam a22001337a 4500
008 171228b xxu||||| |||| 00| 0 eng d
020 _a9780130464149
041 _aeng
080 _a330.722
100 _a62
101 _aKON
245 _aINTRODUCTION TO GOVERNMENTAL AND NOT-FOR-PROFIT ACCOUNTING
_cIVES, M
942 _2udc
_cBK
999 _c39551
_d39551